000 01417cam a2200289 a 4500
999 _c16349
_d16349
001 16063404
005 20161109155655.0
008 100121s2012 maua b 001 0 eng
010 _a 2010000454
020 _a9780321693624
020 _a0321693620
035 _a(OCoLC)ocn501402151
040 _aDLC
_cDLC
_dYDX
_dYDXCP
_dBWX
_dSZR
_dDLC
050 0 0 _aQA276.12
_b.L373 2012
082 0 0 _a519.5
_222
100 1 _aLarson, Ron,
_d1941-
245 1 0 _aElementary statistics :
_bpicturing the world /
_cRon Larson, Betsy Farber.
250 _a5th ed.
260 _aBoston :
_bPearson Prentice Hall,
_cc2012.
300 _axix, 649, [113] p. :
_bill. (some col.) ;
_c29 cm.
504 _aIncludes bibliographical references and index.
505 0 _aIntroduction to statistics -- Descriptive statistics -- Probability -- Discrete probability distributions -- Normal probability distributions -- Confidence intervals -- Hypothesis testing with one sample -- Hypothesis testing with two samples -- Correlation and regression -- Chi-square tests and the F-distribution -- Nonparametric tests.
650 0 _aStatistics
_vTextbooks.
700 1 _aFarber, Elizabeth.
906 _a7
_bcbc
_corignew
_d1
_eecip
_f20
_gy-gencatlg
942 _2lcc
_cBOOKS
_hQA276.12 .L373 2012